<?xml version="1.0" encoding="UTF-8"?>
<record
    xmlns:xsi="http://www.w3.org/2001/XMLSchema-instance"
    xsi:schemaLocation="http://www.loc.gov/MARC21/slim http://www.loc.gov/standards/marcxml/schema/MARC21slim.xsd"
    xmlns="http://www.loc.gov/MARC21/slim">

  <leader>01365nam a22002297a 4500</leader>
  <controlfield tag="008">171122s2008        ag||||| |||| 00| 0 spa d</controlfield>
  <datafield tag="020" ind1=" " ind2=" ">
    <subfield code="a">9789871274109</subfield>
  </datafield>
  <datafield tag="082" ind1="0" ind2="4">
    <subfield code="a">709.82</subfield>
    <subfield code="b">B436a</subfield>
  </datafield>
  <datafield tag="100" ind1="1" ind2=" ">
    <subfield code="a">Bellati, Corina.</subfield>
    <subfield code="9">6108</subfield>
  </datafield>
  <datafield tag="245" ind1="1" ind2="0">
    <subfield code="a">Arte contempor&#xE1;neo argentino :</subfield>
    <subfield code="b">artista por artista /</subfield>
    <subfield code="c">coordinado por Corina Bellati ; curadur&#xED;a por Rodrigo Alonso, Valeria Gonz&#xE1;lez y Julio S&#xE1;nchez.</subfield>
  </datafield>
  <datafield tag="250" ind1=" " ind2=" ">
    <subfield code="a">1a edici&#xF3;n.</subfield>
  </datafield>
  <datafield tag="260" ind1=" " ind2=" ">
    <subfield code="a">Buenos Aires, Argentina :</subfield>
    <subfield code="b">Papers Editores,</subfield>
    <subfield code="c">2008.</subfield>
  </datafield>
  <datafield tag="300" ind1=" " ind2=" ">
    <subfield code="a">200 p&#xE1;ginas :</subfield>
    <subfield code="b">ilustraciones en color.</subfield>
  </datafield>
  <datafield tag="500" ind1=" " ind2=" ">
    <subfield code="a">Artistas: Leandro Erlich, Esteban Pastorino, Mariana L&#xF3;pez, Sebasti&#xE1;n D&#xED;az Morales, Daniel Joglar, Rosa Chancho, Tom&#xE1;s Saraceno, Luis Ter&#xE1;n, Juliana Iriart, Os&#xED;as Yanov, Miguel Mitlag, Alessandra Sanguinetti, Diego Perrota, Ignacio Lasparra, Fabian Bercic, Lorena Guzm&#xE1;n, Gabriel Baggio, Tom&#xE1;s Espina, Patricio Larrambebere, Elisa Strada, Nicol&#xE1;s Trombetta, Mauro Giaconi, Gabriel Gr&#xFC;n, Guillermo Srodek Hart, Mariano Vilela, Gabriela Golder, Nicol&#xE1;s Varchausky, Eduardo Tom&#xE1;s Basualdo, Favia Da Rin y Luz Lindner.</subfield>
  </datafield>
  <datafield tag="653" ind1="1" ind2="0">
    <subfield code="a">Arte contempor&#xE1;neo</subfield>
  </datafield>
  <datafield tag="653" ind1="1" ind2="0">
    <subfield code="a">Arte - Argentina</subfield>
  </datafield>
  <datafield tag="653" ind1="1" ind2="0">
    <subfield code="a">Artistas visuales</subfield>
  </datafield>
  <datafield tag="653" ind1="1" ind2="0">
    <subfield code="a">Arte latinoamericano</subfield>
  </datafield>
  <datafield tag="700" ind1="1" ind2=" ">
    <subfield code="a">Alonso, Rodrigo.</subfield>
    <subfield code="e">curador.</subfield>
    <subfield code="9">4644</subfield>
  </datafield>
  <datafield tag="700" ind1="1" ind2=" ">
    <subfield code="a">Gonz&#xE1;lez, Valeria.</subfield>
    <subfield code="e">curadora.</subfield>
    <subfield code="9">6109</subfield>
  </datafield>
  <datafield tag="700" ind1="1" ind2=" ">
    <subfield code="a">S&#xE1;nchez, Julio.</subfield>
    <subfield code="e">curador.</subfield>
    <subfield code="9">6110</subfield>
  </datafield>
  <datafield tag="999" ind1=" " ind2=" ">
    <subfield code="c">1365</subfield>
    <subfield code="d">1365</subfield>
  </datafield>
  <datafield tag="952" ind1=" " ind2=" ">
    <subfield code="0">0</subfield>
    <subfield code="1">0</subfield>
    <subfield code="2">ddc</subfield>
    <subfield code="4">0</subfield>
    <subfield code="7">0</subfield>
    <subfield code="a">LV</subfield>
    <subfield code="b">LV</subfield>
    <subfield code="c">Monograf&#xED;as</subfield>
    <subfield code="d">2017-11-22</subfield>
    <subfield code="l">0</subfield>
    <subfield code="o">709.82 B436a</subfield>
    <subfield code="p">001260</subfield>
    <subfield code="r">2017-11-22 00:00:00</subfield>
    <subfield code="w">2017-11-22</subfield>
    <subfield code="y">01</subfield>
  </datafield>
</record>
